Feminismos, género y movimiento de mujeres. Claves para el debate en tiempos constituyentes.
Saved in:
| Hovedforfatter: | |
|---|---|
| Andre forfattere: | , |
| Format: | Ukendt |
| Udgivet: |
Santiago, Chile:
Insurgente,
2022.
|
| Udgivelse: | Primera edición |
| Serier: | Colección Insurgente
|
| Fag: | |
| Tags: |
Tilføj Tag
Ingen Tags, Vær først til at tagge denne postø!
|
MARC
| LEADER | 00000 a2200000 4500 | ||
|---|---|---|---|
| 003 | CL-VaPUC | ||
| 005 | 20221124173817.0 | ||
| 008 | 221121t2022 ||||| |||| 00| 0 eng d | ||
| 999 | |c 439292 |d 439290 | ||
| 020 | |a 978-956-09661-4-8 | ||
| 040 | |c Pontificia Universidad Católica de Valparaíso | ||
| 082 | |2 22 |a 323.34 ALF 2022 | ||
| 100 | |a Alfaro Monsalve, Karen Paola |9 878315 |e autora | ||
| 245 | |a Feminismos, género y movimiento de mujeres. |b Claves para el debate en tiempos constituyentes. | ||
| 250 | |a Primera edición | ||
| 260 | |a Santiago, Chile: |b Insurgente, |c 2022. | ||
| 300 | |a 120 páginas. | ||
| 490 | |a Colección Insurgente |n 5. | ||
| 583 | |k GC |c 20221121 | ||
| 650 | 0 | |9 259085 |a Feminismo |v Historia |x Aspectos políticos |z Chile | |
| 650 | 0 | |9 430458 |a Movimiento feminista |x Demandas y derechos |z Chile | |
| 650 | 0 | |9 860187 |a Movimientos Sociales de Mujeres |x Derechos civiles y políticos |z Chile | |
| 650 | 0 | |9 257649 |a Mujeres |x Derechos civiles y políticos |x Constitución política |z Chile | |
| 700 | |a López Dietz, Ana Paola |e autora |9 878635 | ||
| 700 | |a Illanes, María Angélica |e prólogo |9 878612 | ||
| 942 | |2 ddc |c BK | ||
| 952 | |0 0 |1 0 |2 ddc |4 0 |6 323_340000000000000_ALF_2022 |7 0 |8 A |9 587837 |a BIBDER |b BIBDER |c GEN |d 2022-11-18 |e 22 |g 14280.00 |i 5655705 |o 323.34 ALF 2022 |p 5655705 |r 2023-01-25 |t 1 |v 14280.00 |w 2022-11-18 |y BK |k DER | ||